000 00917nas a2200301 4500
001 BR2016001479
003 BR-BrBNA
005 20231205130248.0
007 ta
008 230509b bl.|||p| |||| 00| 00por d
040 _aBR-BrBNA
_bpor
_cBiblioteca Nacional de Agricultura
041 _a(En)
072 _aF40
100 1 _aPedroso-de-Moraes, C.
100 1 _aPrezzi, L.E.
100 1 _aSouza-Leal, T. de
100 1 _aCanonici, T.F.
100 1 _aRaymundo Junior, O.
100 1 _aSilveira, P.
245 1 _aEdge effect on orchids of a fragment of semi-deciduous seasonal forest in the southeast of Brazil
650 _aORQUÍDEA
650 _aFLORESTA
650 _aVARIEDADE
650 _aECOLOGIA VEGETAL
773 0 _tIheringia. Série Botânica (Brazil)
_xISSN 0073-4705
_g(Jun 2015), v. 70(1) p. 115-127
_wBR2016001479
909 _a202311
_bLúcia
_c55
_dLúcia Elande
942 _2AGRIS
_n0
_cANA
999 _c248515
_d248515